[Event "ESP-ch U14 rapid"]
[Site "Salobrena"]
[Date "2023.07.23"]
[Round "5"]
[White "Bethencourt Hernandez, Alberto"]
[Black "Lorente Melcon, Hector"]
[Result "1-0"]
[WhiteElo "1676"]
[BlackElo "1407"]
[PlyCount "95"]
[EventDate "2023.07.22"]
[EventType "swiss (rapid)"]
[EventRounds "9"]
[EventCountry "ESP"]
[SourceTitle "EXT 2024"]
[Source "ChessBase"]
[SourceDate "2023.10.10"]
[SourceVersion "1"]
[SourceVersionDate "2023.10.10"]
[SourceQuality "1"]

1. e4 c5 2. Nf3 e6 3. d4 cxd4 4. Nxd4 Nf6 5. Nc3 Nc6 6. Nxc6 bxc6 7. e5 Nd5 8. Ne4 Qc7 9. f4 Qb6 10. c4 Bb4+ 11. Ke2 f5 12. exf6 Nxf6 13. Be3 Qd8 14. Nd6+ Bxd6 15. Qxd6 Bb7 16. c5 Ba6+ 17. Kf3 Bxf1 18. Rhxf1 Nd5 19. Bd4 Rg8 20. g3 Qe7 21. Qxe7+ Kxe7 22. Rae1 g6 23. g4 Rgf8 24. Kg3 Rab8 25. Be5 Rb5 26. Bd6+ Ke8 27. Bxf8 Kxf8 28. f5 Ke7 29. fxe6 dxe6 30. Rc1 Rxb2 31. Rb1 Rxb1 32. Rxb1 Kf6 33. Rb7 Ke5 34. Rxa7 Kd4 35. Kf3 Kxc5 36. Rxh7 Kd4 37. Rg7 e5 38. Rxg6 e4+ 39. Kf2 c5 40. Rd6 Ke5 41. Rxd5+ Kxd5 42. Ke3 c4 43. h4 c3 44. h5 Ke5 45. h6 c2 46. Kd2 Kf4 47. Kxc2 Kf3 48. h7 1-0

[Event "ESP-ch U12 rapid"]
[Site "Salobrena"]
[Date "2023.07.15"]
[Round "2"]
[White "Tallada Serret, Gerard"]
[Black "Lorente Melcon, Hector"]
[Result "1-0"]
[WhiteElo "1958"]
[BlackElo "1407"]
[PlyCount "49"]
[EventDate "2023.07.15"]
[EventType "swiss (rapid)"]
[EventRounds "9"]
[EventCountry "ESP"]
[SourceTitle "EXT 2024"]
[Source "ChessBase"]
[SourceDate "2023.10.10"]
[SourceVersion "1"]
[SourceVersionDate "2023.10.10"]
[SourceQuality "1"]

1. e4 c5 2. c3 Nf6 3. e5 Nd5 4. d4 cxd4 5. Nf3 Nc6 6. cxd4 d6 7. Bc4 dxe5 8. Bxd5 Qxd5 9. Nc3 Qd8 10. d5 Nb8 11. Nxe5 Nd7 12. Nf3 Nf6 13. h3 g6 14. 0-0 Bg7 15. Re1 0-0 16. Bf4 Bd7 17. Qd2 Rc8 18. Rad1 Ne8 19. Qe3 Bxc3 20. bxc3 Ba4 21. Rd4 Qa5 22. Qxe7 Qxc3 23. Rxa4 Ng7 24. Be5 Qc2 25. Qf6 1-0

[Event "ESP-ch U12"]
[Site "Salobrena"]
[Date "2023.07.11"]
[Round "3"]
[White "Herman Gamazo, Isaac"]
[Black "Lorente Melcon, Hector"]
[Result "1/2-1/2"]
[WhiteElo "2010"]
[BlackElo "1611"]
[PlyCount "77"]
[EventDate "2023.07.10"]
[EventType "swiss"]
[EventRounds "9"]
[EventCountry "ESP"]
[SourceTitle "EXT 2024"]
[Source "ChessBase"]
[SourceDate "2023.10.10"]
[SourceVersion "1"]
[SourceVersionDate "2023.10.10"]
[SourceQuality "1"]

1. e4 c5 2. Nc3 e6 3. Nf3 Nc6 4. d4 cxd4 5. Nxd4 Nf6 6. Nxc6 bxc6 7. e5 Nd5 8. Ne4 Qc7 9. f4 Qb6 10. c4 Bb4+ 11. Ke2 f5 12. exf6 Nxf6 13. Be3 Qd8 14. Nd6+ Bxd6 15. Qxd6 Bb7 16. Rg1 h5 17. g4 hxg4 18. h3 g3 19. f5 Ne4 20. Qb4 Qc7 21. fxe6 dxe6 22. c5 Ba6+ 23. Ke1 Bxf1 24. Qxe4 Bxh3 25. Bf4 Rh4 26. Qg6+ Qf7 27. Qxf7+ Kxf7 28. Bxg3 Rd4 29. Bd6 Rh8 30. Rxg7+ Kxg7 31. Be5+ Kf7 32. Bxd4 Rd8 33. Be3 Bf5 34. Kf2 Be4 35. Kg3 Rd5 36. Kf4 Bg6 37. Rc1 Kf6 38. Rc4 Bd3 39. Rc1 1/2-1/2

[Event "ESP-ch U14"]
[Site "Salobrena"]
[Date "2022.07.20"]
[Round "5"]
[White "Lorente Melcon, Hector"]
[Black "Bethencourt Hernandez, Alberto"]
[Result "0-1"]
[WhiteElo "1478"]
[BlackElo "1681"]
[PlyCount "26"]
[EventDate "2022.07.18"]
[EventType "swiss"]
[EventRounds "9"]
[EventCountry "ESP"]
[SourceTitle "EXT 2023"]
[Source "ChessBase"]
[SourceDate "2022.10.05"]
[SourceVersion "1"]
[SourceVersionDate "2022.10.05"]
[SourceQuality "1"]

1. e4 c5 2. Nf3 Nc6 3. Bb5 d6 4. 0-0 Bd7 5. Re1 a6 6. Bxc6 Bxc6 7. d4 cxd4 8. Qxd4 Nf6 9. Bg5 h6 10. Bh4 g5 11. Bg3 Bg7 12. e5 Nh5 13. Qd3 Nxg3 0-1

[Event "Aragon-chT Preferente Gr I"]
[Site "Aragon"]
[Date "2022.02.19"]
[Round "4.40"]
[White "Lorente Melcon, Hector"]
[Black "Barranco Castillo, Jose Antonio"]
[Result "0-1"]
[WhiteElo "1421"]
[BlackElo "1630"]
[PlyCount "110"]
[EventDate "2022.01.29"]
[EventType "team-tourn"]
[EventRounds "9"]
[EventCountry "ESP"]
[SourceTitle "EXT 2024"]
[Source "ChessBase"]
[SourceDate "2023.10.10"]
[SourceVersion "1"]
[SourceVersionDate "2023.10.10"]
[SourceQuality "1"]
[WhiteTeam "Helios II"]
[BlackTeam "IberCaja II"]
[WhiteTeamCountry "ESP"]
[BlackTeamCountry "ESP"]

1. e4 d6 2. d4 Nf6 3. Nc3 e5 4. dxe5 dxe5 5. Qxd8+ Kxd8 6. Bc4 Be6 7. Bxe6 fxe6 8. Nf3 Bd6 9. Bd2 a6 10. a4 Ke7 11. Bg5 Nbd7 12. Ke2 h6 13. Bxf6+ gxf6 14. h4 h5 15. Rhg1 Rhg8 16. g3 b6 17. Rg2 c6 18. Rag1 f5 19. Ng5 b5 20. Ra1 Bc5 21. axb5 axb5 22. Rgg1 Bd4 23. Rxa8 Rxa8 24. Rb1 Nb6 25. Nd1 Nc4 26. c3 Bb6 27. b3 Ra2+ 28. Ke1 Nd2 29. Rb2 Rxb2 30. Nxb2 Nxb3 31. Kf1 Ba5 32. Nd1 Nc1 33. Ke1 Na2 34. Kd2 b4 35. cxb4 Nxb4 36. Kc3 Na6+ 37. Kc4 Bb6 38. Nf3 Kf6 39. Ng5 Nc7 40. Nh7+ Ke7 41. Ng5 Ne8 42. Ne3 Bxe3 43. fxe3 Nd6+ 44. Kc5 Nxe4+ 45. Kxc6 Nxg5 46. hxg5 f4 47. exf4 exf4 48. gxf4 h4 49. g6 h3 50. g7 Kf7 51. Kd6 h2 52. g8Q+ Kxg8 53. Kxe6 h1Q 54. f5 Kf8 55. f6 Qc6+ 0-1

[Event "Aragon-chT Preferente Gr I"]
[Site "Aragon"]
[Date "2022.02.12"]
[Round "3.52"]
[White "Romo Blasco, Adrian"]
[Black "Lorente Melcon, Hector"]
[Result "1-0"]
[WhiteElo "1950"]
[BlackElo "1421"]
[PlyCount "57"]
[EventDate "2022.01.29"]
[EventType "team-tourn"]
[EventRounds "9"]
[EventCountry "ESP"]
[SourceTitle "EXT 2024"]
[Source "ChessBase"]
[SourceDate "2023.10.10"]
[SourceVersion "1"]
[SourceVersionDate "2023.10.10"]
[SourceQuality "1"]
[WhiteTeam "Teruel"]
[BlackTeam "Helios II"]
[WhiteTeamCountry "ESP"]
[BlackTeamCountry "ESP"]

1. d4 Nf6 2. c4 c5 3. d5 d6 4. Nc3 e6 5. Nf3 exd5 6. cxd5 g6 7. Nd2 Bg7 8. Nc4 0-0 9. Bf4 Ne8 10. Qd2 a6 11. a4 b6 12. Ne4 Be5 13. Nxe5 dxe5 14. Bh6 Ng7 15. h4 Bb7 16. h5 Nxh5 17. Bxf8 Qxf8 18. Rxh5 gxh5 19. Qg5+ Qg7 20. Qd8+ Qf8 21. Nf6+ Kg7 22. Nxh5+ Kg8 23. Qg5+ Kh8 24. Qxe5+ f6 25. Nxf6 Qf7 26. Ra3 Kg7 27. Nd7+ Kg6 28. Rg3+ Kh6 29. Qg5# 1-0

[Event "ESP-ch U12"]
[Site "Salobrena"]
[Date "2021.07.06"]
[Round "3"]
[White "Jario Dominguez, Diego"]
[Black "Lorente Melcon, Hector"]
[Result "0-1"]
[WhiteElo "1158"]
[BlackElo "1388"]
[PlyCount "124"]
[EventDate "2021.07.05"]
[EventType "swiss"]
[EventRounds "9"]
[EventCountry "ESP"]
[SourceTitle "EXT 2022"]
[Source "ChessBase"]
[SourceDate "2021.10.06"]
[SourceVersion "1"]
[SourceVersionDate "2021.10.06"]
[SourceQuality "1"]

1. e4 c5 2. Nc3 e6 3. Bc4 Nc6 4. f4 Be7 5. Nf3 a6 6. a4 d6 7. d3 Nf6 8. 0-0 0-0 9. Kh1 d5 10. Ba2 Rb8 11. Ne5 Bd6 12. exd5 exd5 13. Qf3 Nd4 14. Qf2 Be6 15. Be3 Bxe5 16. fxe5 Ng4 17. Qg3 Nxc2 18. Bxc5 Nxa1 19. Bxf8 Kxf8 20. Rxa1 Qb6 21. Rf1 Ne3 22. Qf2 d4 23. Bxe6 Qxe6 24. Rb1 dxc3 25. Qxe3 c2 26. Qc5+ Kg8 27. Qxc2 Qxe5 28. Rd1 Re8 29. Qd2 h6 30. d4 Qd5 31. Qf2 Rd8 32. Qe3 Qc6 33. Qd3 Qxa4 34. d5 Rd6 35. Rf1 Qb5 36. Qf5 Qxd5 37. Qc8+ Rd8 38. Qc2 Qd3 39. Qf2 Qd5 40. Qf4 Rd6 41. Qc1 Qc6 42. Qe3 Rg6 43. Qd2 Rd6 44. Qe3 b5 45. Qe7 Rf6 46. Qd8+ Kh7 47. Qd3+ Rg6 48. Qd2 Qc4 49. Rc1 Rf6 50. Qe1 Re6 51. Qd1 Qe2 52. Qg1 a5 53. Ra1 a4 54. Qb1+ Qe4 55. Qf1 b4 56. Qxf7 Qe1+ 57. Qf1 Qxf1+ 58. Rxf1 Re2 59. Rb1 a3 60. bxa3 bxa3 61. Ra1 a2 62. Kg1 Rb2 0-1